000 01411cam a2200385 a 4500
001 data
005 20260322212106.0
008 data
035 _a3468844
906 _a7
_bcbc
_corignew
_d1
_eocip
_f19
_gy-gencatlg
010 _a 93019096
020 _a1853332631
020 _a9781853332630
035 _9(DLC) 93019096
040 _aDLC
_cDLC
_dDLC
043 _aa-ir---
_ae-fr---
_aa-ir---
050 0 0 _aK843
_b.O97 1994
082 0 0 _a342.62
_a342.62
_220
100 1 _aOwsia, Parviz,
_d1932-
245 1 0 _aFormation of contract :
_ba comparative study under English, French, Islamic, and Iranian law /
_cParviz Owsia.
260 _aNorwell, MA :
_aBoston :
_bKluwer Academic Publishers Group,
_aNorwell, MA :
_bKluwer Academic Publishers Group,
_cc1994.
300 _alix, 621 p. ;
_c25 cm.
336 _atext
_btxt
_2rdacontent
337 _aunmediated
_bn
_2rdamedia
338 _avolume
_bnc
_2rdacarrier
504 _aIncludes bibliographical references (p. xxxix-xlvii) and index.
650 0 _aContracts.
650 0 _aContracts
_zGreat Britain.
650 0 _aContracts
_zFrance.
650 0 _aContracts
_zIran.
650 0 _aContracts (Islamic law)
991 _bc-LL
_hK843
_i.O97 1994
_tCopy 1
_wBOOKS
999 _c1569
_d1569